000 00736nam a2200217Ii 4500
003 JO-AjNU
008 230605s9999||||xx |||||||||||||| ||und||
017 _a1993/9181
020 _a977-211-071-4
040 _aJO-AjNU
_bara
_erda
_cJO-AjNU
041 _aara
050 1 4 _aQA39.3.A565
100 3 _aمنصور ، عاطف,
_eauthor
_916896
245 0 0 _aمكتتبة الاسرة في الرياضيات تنمية المهارات الاساسية في الرياضيات للناشئين، ج3
264 3 1 _aالقاهرة:ابن سينا ،د.ت
300 _aج3، 318ص
336 _atext
_btxt
_2rdacontent
337 _aunmediated
_bn
_2rdamedia
338 _avolume
_bnc
_2rdacarrier
650 4 _aالرياضيات
_916897
999 _aA5108
_c8676
_d8676